[Event "V Festival Mare di Fano A"]
[Site "Fano ITA"]
[Date "2016.08.06"]
[Round "9"]
[White "Wieczorek, Oskar"]
[Black "Romanishin, Oleg M"]
[WhiteElo "2458"]
[BlackElo "2433"]
[Result "1/2-1/2"]
[PlyCount "59"]
[EventDate "2016.07.30"]

1. c4 e5 2. Nc3 Nf6 3. g3 d5 4. cxd5 Nxd5 5. Bg2 Nb6 6. e3 Nc6 7. Nge2 g6 8. f4
Bg7 9. fxe5 Nxe5 10. d4 Nc6 11. O-O O-O 12. Qe1 Nb4 13. Qd1 Nc6 14. Nf4 a5 15.
Rf2 a4 16. Qf1 Ne7 17. Bd2 c6 18. Rc1 Nf5 19. Ne4 Re8 20. Nh5 gxh5 21. Rxf5
Bxf5 22. Qxf5 Nd5 23. Rf1 Qe7 24. Qxh5 Qe6 25. Rf5 Ne7 26. Rf1 Nd5 27. Qf3 Re7
28. Kh1 Rae8 29. Ng5 Qf6 30. e4 1/2-1/2